Online
Catalog

IV Acuerdo general sobre aranceles y comercio (GATT 47), la Organización Mundial de Comercio y el GATT 94 / (Record no. 42712)

MARC details
000 -CABECERA
campo de control de longitud fija 00785nam a2200181 a 4500
001 - NÚMERO DE CONTROL
campo de control 000043223
005 - FECHA Y HORA DE LA ÚLTIMA TRANSACCIÓN
campo de control 20201002040733.0
008 - DATOS DE LONGITUD FIJA--INFORMACIÓN GENERAL
campo de control de longitud fija 140226s2010 dr 000 0 spa d
040 ## - FUENTE DE LA CATALOGACIÓN
Centro catalogador/agencia de origen DO-SdBNP
Lengua de catalogación spa
Centro/agencia transcriptor BNPHU
245 00 - MENCIÓN DE TÍTULO
Título IV Acuerdo general sobre aranceles y comercio (GATT 47), la Organización Mundial de Comercio y el GATT 94 /
Mención de responsabilidad, etc. Miguel Antonio Rodríguez Cabrera.
246 13 - FORMA VARIANTE DE TÍTULO
Título propio/Titulo breve Cuarto acuerdo general sobre aranceles y comercio (GATT 47), la Organización Mundial de Comercio y el GATT 94 /
260 ## - PUBLICACIÓN, DISTRIBUCIÓN, ETC.
Lugar de publicación, distribución, etc. Santo Domingo :
Nombre del editor, distribuidor, etc. UNICARIBE,
Fecha de publicación, distribución, etc. 2010.
300 ## - DESCRIPCIÓN FÍSICA
Extensión 28 p. :
Otras características físicas il. ;
Dimensiones 24 cm.
490 1# - MENCIÓN DE SERIE
Mención de serie Cuadernos diplomáticos
Designación de volumen o secuencia 4
700 12 - PUNTO DE ACCESO ADICIONAL--NOMBRE DE PERSONA
Nombre de persona Rodríguez Cabrera, Miguel Antonio
9 (RLIN) 54876
710 2# - PUNTO DE ACCESO ADICIONAL--NOMBRE DE ENTIDAD CORPORATIVA
Nombre de entidad corporativa o nombre de jurisdicción como elemento de entrada Universidad del Caribe (UNICARIBE)
9 (RLIN) 59912
830 #0 - PUNTO DE ACCESO ADICIONAL DE SERIE-TÍTULO UNIFORME
Título uniforme Cuadernos diplomáticos
Designación de volumen o secuencia 4
9 (RLIN) 70813
Holdings
Estado de retiro Estado de pérdida No para préstamo Código de colección Localización permanente Ubicación/localización actual Ubicación en estantería Fecha de adquisición Número de inventario Total de préstamos Signatura topográfica completa Código de barras Fecha visto por última vez Precio válido a partir de Tipo de ítem Koha
    Excluido de préstamo Patrimonio Dominicano Patrimonio Dominicano Patrimonio Dominicano Depósito 26.02.2014 LF1   43223-10 25.06.2020 25.06.2020 Libro y Folleto Colección Patrimonio Dominicano

Powered by Koha